Most Popular Cat Name in Each U.S. State - Statistics

General Stats
  • This quiz has been taken 10 times
  • The average score is 7 of 30
Answer Stats
U.S. State Most Popular Cat Name % Correct
Maryland Bella
56%
Texas Kitty
56%
Connecticut Billie
44%
Wyoming Charlie
33%
New Hampshire Dexter
33%
Arkansas Luna
33%
New Jersey Max
33%
Iowa Sam
33%
Oklahoma Sophie
33%
Michigan Alice
22%
Indiana Boo
22%
Hawaii Callie
22%
Rhode Island Harry
22%
Utah Jack
22%
Mississippi Lacy
22%
Montana Lola
22%
Ohio Poppy
22%
Kansas Willie
22%
Illnois Alfie
11%
Pennsylvania Bailey
11%
Alabama Blue
11%
Alaska Jasper
11%
Louisiana Louis
11%
Kentucky Lucy
11%
Wisconsin Milo
11%
Georgia Oscar
11%
Delaware Otis
11%
Missouri Piper
11%
Arizona Shadow
11%
Idaho Trigger
11%
No matching quizzes found
Score Distribution
Percent of People with Each Score
Percentile by Number Answered
Your Score History
You have not taken this quiz